000 00499nam a2200181Ia 4500
005 20250326125101.0
008 250326s9999 xx 000 0 und d
037 _aTextbook
040 _aFMSL
_beng
_cFMSL
041 _aeng
_2eng
084 _aX:9 L02;1
_qFMSL
100 _aFinley R E
245 0 _aPersonnel man and his job
_cFinley R E; Lovett H L
260 _aBombay
_bBombay, D B Taraporevala
_c1970
300 _a448p
942 _cTB
_hX:9 L02;1
999 _c1276463
_d1276463